OBRAS 33

Guardado en:
Bibliografiske detaljer
Hovedforfatter: Otero, Mariano (autor)
Format: Bog
Tags: Tilføj Tag
Ingen Tags, Vær først til at tagge denne postø!

MARC

LEADER 00000nam^a2200000^a^4500
001 000210008
005 20250521000000.0
009 20260310103339.644
035 |a 025722 
037 |a Acervo Xavier Clavigero 
082 |a 933. 1  |b OTE 
100 |a Otero, Mariano  |e (autor) 
245 1 0 |a OBRAS 33 
264 |a MEXICO :  |b PORRUA, S.A.,  |c 1967 
336 |a texto  |b txt  |2 rdacontenido 
337 |a sin mediación  |b n  |2 rdamedio 
338 |a volumen  |b nc  |2 rdasoporte 
545 0 |a Josef Mariano Fausto Andrés Otero Mestas, más conocido como Mariano Otero (1817-1850), jurista y político mexicano nacido en Guadalajara, Jalisco. Se desempeñó como diputado local, alcalde del ayuntamiento de la ciudad de México, senador por el Estado de México, lugar en que se domicilió a consecuencia de la intervención norteamericana, y ministro de relaciones exteriores e interiores. Participó en la comisión de elaboración de un proyecto de reforma de Constitución en 1842 y 1847, instituyó el juicio de amparo y creó el principio de relatividad de la sentencia en dicho juicio. Su actuación estuvo sustentada en los principios constitucionales, democráticos y morales, procurando en todo momento la defensa de la nación, el buen gobierno y el bienestar de la sociedad. Entre sus obras se encuentran Ensayo sobre el verdadero estado de la cuestión social y política que se agita en la República Mexicana; Consideraciones sobre la situación política y social de la República Mexicana en el año de 1847; Apuntes para la biografía de Don Francisco Javier Gamboa; Noticia biográfica del Sr. Alcalde, Obispo de Guadalajara; y una serie de discursos, iniciativas de ley y alegatos. 
649 |a XX 
910 |a Fondo General 
920 |a Impresos - Libros 
930 |a Colección General 
905 |a 101 
901 |a 025722  |b IT1  |c ACC  |i 025722  |u 20250521 
901 |a 025723  |b IT1  |c ACC  |i 025723  |u 20250521 
902 |a https://opac.biblio.iteso.mx/vufind/Record/000210008